Free-flight model measurements of the dynamic stability of a supersonic strike aircraft (TSR2) /

Bibliographic Details
Main Author: Hunt, G. K.
Format: Book
Language:English
Published: London : H.M.S.O., 1967.
Series:Current papers (Aeronautical Research Council (Great Britain)) ; no. 918.
Subjects:

MARC

Tag First Indicator Second Indicator Subfields
LEADER 00000cam a2200000 4500
001 in00000097876
005 20150925115159.0
008 731001s1967 enkaf b 00010 eng
010 |a  67094462  
015 |a B67-9128 
035 |a (OCoLC)00957114 
035 |9 AAL3071AM 
040 |a DLC  |c DLC  |d TXA  |d UtOrBLW 
049 |a TXAM  |c [1201473] 
050 0 0 |a TL507  |b .G77 no. 918 
082 0 |a 629.132/36 
100 1 |a Hunt, G. K. 
245 1 0 |a Free-flight model measurements of the dynamic stability of a supersonic strike aircraft (TSR2) /  |c by G. K. Hunt; with an appendix by A. Jean Ross. 
264 1 |a London :  |b H.M.S.O.,  |c 1967. 
300 |a 45 pages :  |b 34 plates (including diagrams), tables. ;  |c 30 cm. 
336 |a text  |b txt  |2 rdacontent 
337 |a unmediated  |b n  |2 rdamedia 
338 |a volume  |b nc  |2 rdacarrier 
490 1 |a Aeronautical Research Council. Current papers, no. 918 
504 |a Bibliography: pages 44-45. 
650 0 |a Stability of airplanes. 
650 0 |a BAC TSR 2 (Jet attack plane) 
830 0 |a Current papers (Aeronautical Research Council (Great Britain)) ;  |v no. 918. 
999 |a MARS 
999 f f |s e08da431-c167-3846-909b-dc6243eb2bbf  |i 9890cc85-02e4-386c-be69-42a31188dd1d  |t 0 
952 f f |p ric  |a Texas A&M University  |b Rellis Campus  |c Joint Library Facility  |d Remote Storage  |t 0  |e TL507 .G77 no. 918  |h Library of Congress classification  |i unmediated -- volume  |m A14805532342 
998 f f |a TL507 .G77 no. 918  |t 0  |l Remote Storage